LEADER 01667nam2 2200385 i 450 001 RML0055888 005 20251003044340.0 010 $a8814056242 020 $aIT$b97-365 100 $a19980804d1996 ||||0itac50 ba 101 | $aita 102 $ait 181 1$6z01$ai $bxxxe 182 1$6z01$an 200 1 $aˆ2: Le ‰costituzioni di sette stati di recente ristrutturazione$ftesti scelti e commentati a cura di Paolo Biscaretti di Ruffìa$gcon la collaborazione di Mario Ganino 205 $a6. ed. interamente rifatta 210 $aMilano$cGiuffrè$d1996 215 $aXII, 423 p.$d20 cm. 461 1$1001CFI0145381$12001 $aCostituzioni straniere contemporanee$v2 606 $aCostituzioni politiche$xPaesi occidentali$2FIR$3CFIC104006$9I 676 $a342.02$9STRUMENTI FONDAMENTALI DELLO STATO$v21 676 $a342.023$9Testi di costituzioni.$v19 676 $a342.023$9TESTI DI COSTITUZIONI$v20 696 $aOccidente $aPaesi dell'Ovest 699 $aPaesi occidentali$yOccidente 699 $aPaesi occidentali$yPaesi dell'Ovest 702 1$aBiscaretti di Ruffìa$b, Paolo$f <1912-1996>$3CFIV032524 702 1$aGanino$b, Mario$3CFIV061966 801 3$aIT$bIT-000000$c19980804 850 $aIT-BN0095 $aIT-AV0007 $aIT-NA0079 $aIT-NA0070 912 $aRML0055888 950 2$aBiblioteca Centralizzata di Ateneo$d 01D (AR) 25 785$e 01AR 0700257855 VMA 1 v.$fY $h20241216$i20241216 977 $a 01$a AV$a BN$a BU 996 $aCostituzioni di sette stati di recente ristrutturazione$9882773 997 $aUNISANNIO